[Event "III DOLNOSLASKA LIGA SZACHOWA 2019/2020"]
[Site "Dolny Slask"]
[Date "1899-12-30"]
[Round "4.24"]
[White "Tust-kopec, Dominika"]
[Black "Zielezinska, Zuzanna"]
[Result "1/2-1/2"]
[WhiteTitle "k"]
[BlackTitle "II"]
[WhiteElo "1801"]
[BlackElo "1134"]

1. d4 d5 2. Nf3 Nc6 3. Bf4 Bg4 4. e3 e6 5. a3 Bd6 6. Bg3 Nge7 7. c4 Qd7 8. Nc3
Nb8 9. c5 Bxg3 10. hxg3 f6 11. Qc2 Bf5 12. Bd3 Bg6 13. Bxg6+ Nxg6 14. Rxh7 Qf7
15. Rxh8+ Nxh8 16. O-O-O Nc6 17. Rh1 O-O-O 18. g4 Ng6 19. g5 e5 20. Qf5+ Kb8 21.
dxe5 Ngxe5 22. Nxe5 Nxe5 23. gxf6 gxf6 24. f4 Nc6 25. g4 Qe7 26. e4 Nd4 27. Qg6
dxe4 28. Nxe4 Ne2+ 29. Kb1 Nxf4 30. Qf5 Nd5 31. Rh7 Qf8 32. Qg6 a6 33. Rh6 Qe7
34. Nxf6 Nxf6 35. Qxf6 Qe4+ 36. Kc1 Qe3+ 37. Kb1 Qe4+ 38. Kc1 Qe3+ 39. Kb1 Qe4+
40. Ka2 Qd5+ 41. Kb1 Qe4+ 42. Kc1 Qe3+ 1/2-1/2

[Event "III DOLNOSLASKA LIGA SZACHOWA 2019/2020"]
[Site "Dolny Slask"]
[Date "1899-12-30"]
[Round "4.25"]
[White "Dobrowolski, Aleksander"]
[Black "Kossobudzki, Robert"]
[Result "1-0"]
[WhiteTitle "m"]
[BlackTitle "I"]
[WhiteElo "2224"]
[BlackElo "2116"]

1. e4 c5 2. Nf3 a6 3. c3 d6 4. d4 Nd7 5. Bd3 g6 6. O-O Bg7 7. Re1 Qc7 8. a4 e5
9. dxe5 Nxe5 10. Nxe5 dxe5 11. a5 Be6 12. Qa4+ Qd7 13. Qxd7+ Kxd7 14. Be3 Bf8
15. Nd2 Kc6 16. Nc4 f6 17. Red1 Nh6 18. Nb6 Rd8 19. Bb5+ Kc7 20. Rxd8 Kxd8 21.
Rd1+ Kc7 22. Na8+ Kc8 23. Bd7+ Bxd7 24. Nb6+ Kc7 25. Nxd7 Nf7 26. Nxf6 Kc6 27.
Rd7 Nd6 28. Rxh7 Rxh7 29. Nxh7 Bg7 30. Ng5 Nc4 31. Ne6 Nxe3 32. fxe3 Bf6 33. g4
Kd6 34. Nf8 g5 35. Nh7 Bd8 36. h4 gxh4 37. g5 Bxa5 38. Kg2 Bd8 39. Kh3 b5 40.
Kxh4 a5 41. Kg4 b4 42. g6 Ke6 43. Nf8+ Kf6 44. Nd7+ Kxg6 45. Nxe5+ Kg7 46. cxb4
cxb4 47. b3 Kf6 48. Nc4 Ke6 49. Kf3 Bc7 50. Ke2 Kd7 51. Kd3 Kc6 52. Kd4 Bd8 53.
e5 Kb5 54. Nd6+ Kc6 55. Kc4 Bc7 56. e4 Bd8 57. Kd3 Bc7 58. Nc4 Bd8 59. e6 Bf6
60. e5 Bd8 61. Ke4 a4 62. bxa4 Kc5 63. Kd3 Kd5 64. a5 Kc6 65. Kc2 Kb5 66. Kb3
Be7 67. Nd6+ Kxa5 68. Nf5 Bg5 69. e7 Bxe7 70. Nxe7 Kb5 71. Nd5 Kc5 72. Nxb4 Kb6
73. Kc4 1-0

[Event "III DOLNOSLASKA LIGA SZACHOWA 2019/2020"]
[Site "Dolny Slask"]
[Date "1899-12-30"]
[Round "4.26"]
[White "Grzesik, Norbert"]
[Black "Pankiewicz, Tomasz"]
[Result "0-1"]
[WhiteTitle "I++"]
[BlackTitle "k"]
[WhiteElo "2015"]
[BlackElo "2230"]

1. e4 e5 2. Nf3 Nc6 3. Bb5 a6 4. Ba4 d6 5. c3 Bd7 6. O-O g6 7. d4 Bg7 8. Re1 Nf6
9. d5 Ne7 10. c4 b5 11. cxb5 axb5 12. Bb3 c5 13. dxc6 Bxc6 14. Qd3 O-O 15. Bg5
Qb8 16. Nc3 b4 17. Bxf6 Bxf6 18. Nd5 Nxd5 19. Bxd5 Bxd5 20. Qxd5 Rc8 21. Rec1
Qb6 22. Nd2 Qd4 23. Rc4 Qxb2 24. Rac1 Qxc1+ 25. Rxc1 Rxc1+ 26. Nf1 Ra6 27. g3
Ra1 28. Qb5 R6xa2 29. Qxb4 Re2 30. Qxd6 Kg7 31. Kg2 Raa2 32. Qc5 Rac2 33. Qa7
Ra2 34. Qc5 Rec2 35. Qe3 Be7 36. Qf3 Bc5 37. Ne3 Rxf2+ 38. Qxf2 Rxf2+ 39. Kxf2
f5 40. Kf3 Bxe3 41. Kxe3 Kf6 42. h3 h5 43. Kf3 Ke6 44. Ke3 g5 45. exf5+ Kxf5 46.
h4 0-1

[Event "III DOLNOSLASKA LIGA SZACHOWA 2019/2020"]
[Site "Dolny Slask"]
[Date "1899-12-30"]
[Round "4.27"]
[White "Helaszek, Edward"]
[Black "Paprocki, Artur"]
[Result "1-0"]
[WhiteTitle "k"]
[BlackTitle "I"]
[WhiteElo "2000"]
[BlackElo "1825"]

1. e4 c5 2. Nf3 Nc6 3. d4 cxd4 4. Nxd4 Nf6 5. Nc3 e5 6. Ndb5 d6 7. Bg5 a6 8. Na3
b5 9. Nd5 Be7 10. Bxf6 Bxf6 11. c3 Bg5 12. Nc2 Rb8 13. a4 bxa4 14. Ncb4 Nxb4 15.
cxb4 O-O 16. Rxa4 a5 17. b5 Bd7 18. Nc3 d5 19. exd5 e4 20. Be2 e3 21. f3 Bh4+
22. g3 Bf6 23. O-O Bxc3 24. bxc3 Bxb5 25. Ra2 Bxe2 26. Rxe2 Qb6 27. Qd3 Rfe8 28.
Rfe1 Rbd8 29. c4 Rc8 30. Kg2 Qg6 31. Rxe3 Rxe3 32. Qxe3 h5 33. Qe4 Qf6 34. Rc1
Rb8 35. c5 Rb2+ 36. Rc2 Qc3 37. Qe8+ Kh7 38. Rxb2 Qxb2+ 39. Kh3 Qf6 40. Qe4+ Kg8
41. f4 Qa1 42. Qe8+ Kh7 43. Qxf7 Qd1 44. Qf5+ g6 45. Qf7+ Kh6 46. Qf8+ Kh7 47.
Qe7+ Kg8 48. Qe6+ Kh7 49. c6 1-0

[Event "III DOLNOSLASKA LIGA SZACHOWA 2019/2020"]
[Site "Dolny Slask"]
[Date "1899-12-30"]
[Round "4.28"]
[White "Sitek, Pawel"]
[Black "Grossmann, Ryszard"]
[Result "0-1"]
[WhiteTitle "II"]
[BlackTitle "FM"]
[WhiteElo "1634"]
[BlackElo "1944"]

1. e4 c6 2. d4 d5 3. f3 dxe4 4. fxe4 e5 5. Nf3 exd4 6. Qxd4 Qxd4 7. Nxd4 Nd7 8.
Bf4 Ne7 9. Nd2 Ng6 10. Bg3 Be7 11. Nf5 O-O 12. Nxe7+ Nxe7 13. Bc4 Ng6 14. O-O
Nde5 15. Bb3 Re8 16. Nc4 Nxc4 17. Bxc4 Be6 18. Bd3 f6 19. Rae1 Bf7 20. a3 Ne5
21. Bxe5 Rxe5 22. Rf5 Rae8 23. Rxe5 Rxe5 24. Kf2 Kf8 25. b4 c5 26. c3 Ke7 27.
Rd1 Be8 28. Rd2 Bc6 29. Re2 Kd6 30. b5 Be8 31. g4 c4 32. Bxc4 Bxb5 33. Bxb5 Rxb5
34. Rd2+ Ke6 35. Rd8 Rb3 36. Rb8 Ke5 37. Re8+ Kf4 38. Re7 g5 39. Rxh7 Kxe4 40.
a4 Kf4 41. h3 Rb2+ 42. Ke1 Ke3 43. Kd1 Kd3 44. Rc7 Rb1# 0-1

[Event "III DOLNOSLASKA LIGA SZACHOWA 2019/2020"]
[Site "Dolny Slask"]
[Date "1899-12-30"]
[Round "5.1"]
[White "Balinski, Damian"]
[Black "Pyka, Roman"]
[Result "1-0"]
[WhiteTitle "k"]
[BlackTitle "k"]
[WhiteElo "2141"]
[BlackElo "1853"]

1. d4 Nf6 2. c4 g6 3. Nc3 Bg7 4. e4 d6 5. Nf3 O-O 6. h3 e5 7. dxe5 dxe5 8. Be3
Qxd1+ 9. Rxd1 c6 10. Bd3 Re8 11. O-O Nh5 12. Rfe1 Nd7 13. g3 Nf8 14. Bf1 h6 15.
b4 f5 16. b5 f4 17. gxf4 Nxf4 18. bxc6 bxc6 19. Kh2 Be6 20. Rd6 Rec8 21. Rb1 Rc7
22. Na4 Bf7 23. Nc5 Rac8 24. Na6 Re7 25. Rb8 Rxb8 26. Nxb8 1-0

[Event "III DOLNOSLASKA LIGA SZACHOWA 2019/2020"]
[Site "Dolny Slask"]
[Date "1899-12-30"]
[Round "5.2"]
[White "Gromczak, Dariusz"]
[Black "Kossobudzki, Robert"]
[Result "0-1"]
[WhiteTitle "I+"]
[BlackTitle "I"]
[WhiteElo "1818"]
[BlackElo "2116"]

1. e4 c5 2. Nc3 a6 3. Nf3 e6 4. d4 cxd4 5. Nxd4 Qc7 6. Be2 Bb4 7. Qd3 Nf6 8. O-O
Nc6 9. Bg5 Ne5 10. Qg3 Bxc3 11. Bxf6 gxf6 12. bxc3 d6 13. f4 Nc6 14. Qg7 Rf8 15.
Qxf6 Qe7 16. Qxe7+ Nxe7 17. Rab1 f5 18. Bf3 Ra7 19. Rb6 Kd7 20. g3 Kc7 21. Rfb1
h6 22. c4 Rf7 23. a4 fxe4 24. Bxe4 Nf5 25. Nxf5 exf5 26. Bd5 Re7 27. Kf2 h5 28.
a5 h4 29. gxh4 Rh7 30. Rg1 Bd7 31. Rg5 Rxh4 32. Rg7 Rxf4+ 33. Kg3 Rg4+ 34. Rxg4
fxg4 35. Rb1 Bc6 36. Rf1 Be8 37. Kxg4 b6 38. axb6+ Kxb6 39. Rf8 Re7 40. h4 a5
41. h5 a4 42. h6 Kc5 43. h7 Bd7+ 44. Kf3 Rxh7 45. Ke3 Kb4 46. Kd2 Rh2+ 47. Kc1
Bg4 48. Be4 a3 49. Kb1 Be6 50. Rb8+ Kxc4 51. Ka2 Kd4+ 52. Kxa3 Kxe4 53. Re8 Kf5
54. Kb2 Kf6 55. Rf8+ Bf7 56. Rc8 Bg6 57. Kc1 Ke5 58. Rc3 Kd4 59. Rc6 Rxc2+ 60.
Rxc2 Bxc2 61. Kxc2 0-1

[Event "III DOLNOSLASKA LIGA SZACHOWA 2019/2020"]
[Site "Dolny Slask"]
[Date "1899-12-30"]
[Round "5.3"]
[White "Grzesik, Norbert"]
[Black "Dudek, Wojciech"]
[Result "0-1"]
[WhiteTitle "I++"]
[BlackTitle "I"]
[WhiteElo "2015"]
[BlackElo "1832"]

1. e4 c6 2. d4 d5 3. Nc3 dxe4 4. Nxe4 Bf5 5. Ng3 Bg6 6. h4 h6 7. Nf3 Nd7 8. h5
Bh7 9. Bd3 Bxd3 10. Qxd3 e6 11. Bd2 Ngf6 12. O-O-O Bd6 13. Ne4 Nxe4 14. Qxe4 Nf6
15. Qe2 Qc7 16. g3 O-O-O 17. c4 c5 18. Bc3 cxd4 19. Bxd4 Bc5 20. Be5 Qb6 21. Bf4
Rxd1+ 22. Kxd1 Ng4 23. Kc2 Nxf2 24. Qe5 Nxh1 25. Qb8+ Kd7 26. Qxh8 Bd4 27. b3
Bf6 28. Qb8 Nf2 29. Ne5+ Bxe5 30. Qxe5 f6 31. c5 fxe5 32. cxb6 axb6 33. Bxe5 Ne4
34. Bxg7 Nxg3 35. Bxh6 Nxh5 36. Kd3 Kd6 37. Bf8+ Kd5 38. Be7 b5 39. Ke3 Ng3 40.
Bf6 e5 41. Bh8 Ne4 42. Kd3 b4 43. Bg7 Nd6 44. Bf8 b6 45. Ke3 Nf5+ 46. Kd3 e4+
47. Kd2 Nd6 48. Ke3 Nf5+ 49. Kd2 Kd4 50. Bxb4 e3+ 51. Kc2 Ke4 52. a4 Nd4+ 53.
Kb2 Kd3 54. a5 Nc6 55. axb6 0-1

[Event "III DOLNOSLASKA LIGA SZACHOWA 2019/2020"]
[Site "Dolny Slask"]
[Date "1899-12-30"]
[Round "5.4"]
[White "Gorecki, Janusz"]
[Black "Paprocki, Artur"]
[Result "1/2-1/2"]
[WhiteTitle "I"]
[BlackTitle "I"]
[WhiteElo "1775"]
[BlackElo "1825"]

1. e4 c5 2. Nf3 Nc6 3. d4 cxd4 4. Nxd4 e5 5. Nf5 d5 6. Ng3 d4 7. Bc4 Nf6 8. h3
Be7 9. O-O Be6 10. Bd3 O-O 11. Bg5 Nd7 12. Bxe7 Qxe7 13. Nd2 g6 14. a3 a6 15.
Qe1 Nc5 16. Bc4 b5 17. Be2 Rad8 18. Bd3 f6 19. Qe2 Bf7 20. Nf3 Ne6 21. Qd2 Rd6
22. Nh2 h5 23. Ne2 Kg7 24. f4 exf4 25. Nxf4 Nxf4 26. Rxf4 g5 27. Rf2 Bg6 28. Re1
Re6 29. Nf1 h4 30. Rfe2 Re8 31. Qc1 Bh5 32. Rf2 Ne5 33. Rf5 Bg6 34. Rf2 Rc8 35.
Qd2 Nf7 36. Rfe2 Re8 37. Nh2 Bh5 38. Rf2 Ne5 39. Rf5 Bg6 40. Rf2 Nf7 41. Rfe2
Qd6 42. Ng4 Ne5 43. Nh2 Bh5 44. Rf2 Ng6 45. Ref1 Ne5 46. Rf5 Bg6 47. R5f2 Rf8
48. Kh1 Bh5 49. Rf5 Bg6 50. R5f2 1/2-1/2

[Event "III DOLNOSLASKA LIGA SZACHOWA 2019/2020"]
[Site "Dolny Slask"]
[Date "1899-12-30"]
[Round "5.5"]
[White "Woznica, Alicja"]
[Black "Gruz, Ewa"]
[Result "1-0"]
[WhiteTitle "II+"]
[BlackTitle "I+"]
[WhiteElo "1117"]
[BlackElo "1474"]

1. e4 d6 2. d4 g6 3. Bd3 Bg7 4. c3 Nd7 5. Nf3 c5 6. O-O e5 7. Qb3 exd4 8. Bc4 Qe7
9. Rd1 Ne5 10. Nxe5 dxe5 11. Qb5+ Qd7 12. Qxc5 Qe7 13. cxd4 exd4 14. Qb5+ Qd7
15. Qb3 a6 16. Nc3 Nf6 17. e5 Ng4 18. Nd5 O-O 19. Nb6 Qf5 20. Nxa8 Qxf2+ 21. Kh1
Qh4 22. h3 Nf2+ 23. Kh2 Bxe5+ 24. Kg1 Nxd1 25. Qxd1 Qg3 26. Qf3 Qh2+ 27. Kf2 Bf5
28. Nb6 Qh1 29. Nd5 Re8 30. Nf4 Bxf4 31. Qxf4 Qe1+ 32. Kf3 Be4+ 33. Kg4 Bf5+ 34.
Kg5 Kg7 35. Qxd4+ f6+ 36. Qxf6# 1-0

[Event "III DOLNOSLASKA LIGA SZACHOWA 2019/2020"]
[Site "Dolny Slask"]
[Date "1899-12-30"]
[Round "5.6"]
[White "Kowalczuk, Mikolaj"]
[Black "Dobrowolski, Aleksander"]
[Result "0-1"]
[WhiteTitle "I"]
[BlackTitle "m"]
[WhiteElo "1928"]
[BlackElo "2224"]

1. e4 c5 2. Nf3 Nc6 3. d3 g6 4. g3 Bg7 5. Bg2 d6 6. O-O e5 7. Nc3 Nge7 8. Nd2 O-O
9. Nc4 f5 10. Nd5 Nxd5 11. exd5 Ne7 12. f4 b5 13. Ne3 exf4 14. gxf4 Bd7 15. c3
Nc8 16. Bd2 Nb6 17. Qf3 Qf6 18. Rae1 a5 19. Re2 Na4 20. Nd1 b4 21. Rfe1 Nxb2 22.
Nxb2 bxc3 23. Bc1 cxb2 24. Bxb2 Qh4 25. Bxg7 Kxg7 26. Re7+ Rf7 27. Qe2 Qf6 28.
Kh1 Rb8 29. Rxf7+ Kxf7 30. Qd2 Rb5 31. a3 a4 32. h3 Qd8 33. d4 c4 34. Qc2 0-1

[Event "III DOLNOSLASKA LIGA SZACHOWA 2019/2020"]
[Site "Dolny Slask"]
[Date "1899-12-30"]
[Round "5.7"]
[White "Helaszek, Edward"]
[Black "Witkowski, Krzysztof"]
[Result "1/2-1/2"]
[WhiteTitle "k"]
[BlackTitle "I"]
[WhiteElo "2000"]
[BlackElo "1743"]

1. e4 c5 2. Nf3 Nc6 3. d4 cxd4 4. Nxd4 Nf6 5. Nc3 e5 6. Ndb5 d6 7. Bg5 a6 8. Na3
b5 9. Nd5 Be7 10. Bxf6 Bxf6 11. c3 Ne7 12. Nxf6+ gxf6 13. Nc2 d5 14. Bd3 Bb7 15.
Qe2 f5 16. exf5 e4 17. f6 Ng6 18. Qe3 Qxf6 19. Nd4 Nf4 20. Bf1 Ne6 21. O-O-O Nxd4
22. Rxd4 O-O 23. f4 Bc6 24. g4 a5 25. a3 Rfb8 26. g5 Qe7 27. Be2 b4 28. c4 bxa3
29. Qxa3 Rb4 30. Rhd1 Qc7 31. Kb1 Rab8 32. cxd5 Rb3 33. Qc5 Rxb2+ 34. Ka1 Qb7
35. Qc3 Rb1+ 36. Ka2 Rb2+ 37. Ka1 Rb1+ 38. Ka2 1/2-1/2

[Event "III DOLNOSLASKA LIGA SZACHOWA 2019/2020"]
[Site "Dolny Slask"]
[Date "1899-12-30"]
[Round "5.8"]
[White "Murawski, Eugeniusz"]
[Black "Grossmann, Ryszard"]
[Result "0-1"]
[WhiteTitle "I+"]
[BlackTitle "FM"]
[WhiteElo "1831"]
[BlackElo "1944"]

1. b4 a5 2. b5 c5 3. c4 e6 4. Bb2 Nf6 5. Nf3 b6 6. d3 d5 7. Nbd2 Bb7 8. g3 Nbd7
9. Bg2 Qc7 10. O-O Be7 11. Re1 d4 12. e3 dxe3 13. Rxe3 O-O 14. Qc2 Rfd8 15. Rae1
Ng4 16. R3e2 Bf6 17. Bxf6 Ngxf6 18. Qc3 Rac8 19. Ne4 h6 20. h3 Nh7 21. a4 Nhf8
22. h4 Ng6 23. h5 Ngf8 24. Bh3 f5 25. Ned2 Nf6 26. Nh4 Nxh5 27. Bxf5 exf5 28.
Nxf5 Qd7 29. Ne7+ Kh7 30. Nxc8 Qh3 31. Ne4 Rxc8 32. Qe5 Ng6 33. Qd6 Rf8 34. Re3
Bxe4 35. dxe4 Rf6 0-1

[Event "III DOLNOSLASKA LIGA SZACHOWA 2019/2020"]
[Site "Dolny Slask"]
[Date "1899-12-30"]
[Round "5.9"]
[White "Daleczko, Wladyslaw"]
[Black "Idziak, Mieczyslaw"]
[Result "1-0"]
[WhiteTitle "I"]
[BlackTitle "II"]
[WhiteElo "1624"]
[BlackElo "1484"]

1. e4 c5 2. Nc3 e6 3. g3 Nc6 4. Bg2 Nf6 5. d3 Be7 6. f4 d6 7. Nf3 Nd4 8. Ne2 Nxf3+
9. Bxf3 Qc7 10. g4 d5 11. g5 dxe4 12. dxe4 Nd7 13. Ng3 b6 14. O-O Bb7 15. c4 f6
16. Bg4 Rd8 17. Bxe6 Ne5 18. Bd5 Bxd5 19. exd5 Nf7 20. Nh5 O-O 21. gxf6 Bxf6 22.
Nxf6+ gxf6 23. Kh1 Kh8 24. Qh5 Qe7 25. Bd2 Qe4+ 26. Qf3 Qxf3+ 27. Rxf3 Nd6 28.
b3 Ne4 29. Bc3 1-0

[Event "III DOLNOSLASKA LIGA SZACHOWA 2019/2020"]
[Site "Dolny Slask"]
[Date "1899-12-30"]
[Round "5.11"]
[White "Osinski, Emil"]
[Black "Mielczarek, Daniel"]
[Result "1-0"]
[WhiteTitle "k"]
[BlackTitle "I"]
[WhiteElo "2137"]
[BlackElo "1912"]

1. e4 e6 2. d4 d5 3. Nd2 dxe4 4. Nxe4 Nd7 5. Nf3 Ngf6 6. Bd3 Nxe4 7. Bxe4 Nf6 8.
Bg5 Be7 9. Bd3 O-O 10. Qe2 c5 11. O-O-O Nd5 12. h4 Qc7 13. g3 Nb4 14. Bxe7 Nxd3+
15. Qxd3 Qxe7 16. Ng5 g6 17. dxc5 Qxc5 18. Ne4 Qe7 19. h5 b6 20. hxg6 fxg6 21.
Rh4 Bb7 22. Qe3 Bxe4 23. Rxe4 Rae8 24. f4 Qf6 25. Rd6 Kf7 26. g4 Re7 27. g5 Qf5
28. Re5 Qg4 29. f5 gxf5 30. Rdxe6 Rxe6 31. Rxe6 Qb4 32. Qe5 Qc5 33. g6+ hxg6 34.
Qf6+ Kg8 35. Qxg6+ Kh8 36. Qh5+ Kg7 37. Qg5+ 1-0

[Event "III DOLNOSLASKA LIGA SZACHOWA 2019/2020"]
[Site "Dolny Slask"]
[Date "1899-12-30"]
[Round "5.12"]
[White "Dzieczkaniec, Piotr"]
[Black "Bes, Michal"]
[Result "0-1"]
[WhiteTitle "I"]
[BlackTitle "k"]
[WhiteElo "1844"]
[BlackElo "2099"]

1. e4 e5 2. Nf3 Nc6 3. Bb5 a6 4. Ba4 Bc5 5. O-O b5 6. Bb3 Nf6 7. a4 b4 8. c3 O-O
9. d4 Ba7 10. Bg5 h6 11. Bh4 d6 12. Bd5 Bd7 13. cxb4 g5 14. dxe5 Nxd5 15. exd5
Nxe5 16. Nxe5 dxe5 17. Bg3 Bd4 18. Re1 Re8 19. Qh5 Kg7 20. Nd2 f5 21. h3 f4 22.
Bh2 Bxb2 23. Ra2 Bc3 24. Rb1 Bf5 25. Rb3 Bd4 26. Qe2 Qxd5 27. Qc4 Qxc4 28. Nxc4
Reb8 29. g4 Bg6 30. Re2 Kf6 31. Na5 c5 32. bxc5 Bxc5 33. Rc3 Rb1+ 34. Kg2 Bd4
35. Rc6+ Kg7 36. Rc7+ Kf8 37. Nc6 Bb6 38. Rb7 e4 39. f3 exf3+ 40. Kxf3 Rb3+ 0-1

[Event "III DOLNOSLASKA LIGA SZACHOWA 2019/2020"]
[Site "Dolny Slask"]
[Date "1899-12-30"]
[Round "5.13"]
[White "Walentukiewicz, Michal"]
[Black "Nowakowski, Michal"]
[Result "1-0"]
[WhiteTitle "CM"]
[BlackTitle "II"]
[WhiteElo "2039"]
[BlackElo "1420"]

1. e4 c5 2. Nc3 Nc6 3. g3 e6 4. Bg2 Nf6 5. Nge2 Be7 6. O-O O-O 7. d4 d6 8. h3 cxd4
9. Nxd4 Nxd4 10. Qxd4 e5 11. Qd3 Be6 12. Be3 Rc8 13. Rfd1 Qd7 14. Kh2 a6 15. a4
Qc6 16. f4 Rfd8 17. f5 Bc4 18. Qd2 b5 19. axb5 axb5 20. Ra7 Bf8 21. Rc1 b4 22.
Nd5 Bxd5 23. exd5 Qb5 24. Bg5 Rd7 25. Raa1 Ne8 26. Bf1 Qb8 27. Ra4 b3 28. c4 Ra7
29. Rca1 Rcc7 30. Be3 Rxa4 31. Rxa4 Nf6 32. Qa5 Nd7 33. Qe1 g6 34. fxg6 fxg6 35.
Qa1 Rb7 36. Ra8 Qc7 37. Qa4 Nb6 38. Bxb6 Qxb6 39. Bg2 Qf2 40. c5 Qxc5 41. Rxf8+
Kxf8 42. Qa8+ Kg7 43. Qxb7+ Kh6 44. Qxb3 e4 45. Bxe4 Qf2+ 46. Bg2 Qd2 47. Qc3
Qf2 48. b4 Qb6 49. Qc4 g5 50. b5 Kg6 51. Qc6 Qd8 52. b6 h5 53. Qc7 Qf6 54. Qd7
1-0

[Event "III DOLNOSLASKA LIGA SZACHOWA 2019/2020"]
[Site "Dolny Slask"]
[Date "1899-12-30"]
[Round "5.16"]
[White "Laszewicz, Pawel"]
[Black "Perdek, Miroslaw"]
[Result "1/2-1/2"]
[WhiteTitle "k"]
[BlackTitle "FM"]
[WhiteElo "2150"]
[BlackElo "2216"]

1. e4 c5 2. Nf3 e6 3. d4 cxd4 4. Nxd4 Nc6 5. Nxc6 bxc6 6. Bd3 d5 7. O-O Nf6 8.
Nc3 Be7 9. Qe2 O-O 10. Bd2 Bb7 11. Rae1 Qc7 12. f4 dxe4 13. Nxe4 c5 14. Bc3 Nxe4
15. Bxe4 Bxe4 16. Qxe4 c4 17. f5 Bd6 18. f6 g6 19. Qh4 Rfe8 20. Kh1 Qc6 21. Re5
Bf8 22. Re4 Rac8 23. h3 Qa4 24. Qe1 Qxc2 25. Rxe6 Qd3 26. Rf3 Rxe6 27. Qxe6 Qxf3
28. Qxc8 Qf1+ 29. Kh2 Qf4+ 30. Kg1 Qe3+ 31. Kf1 Qf4+ 32. Ke2 Qe4+ 1/2-1/2

[Event "III DOLNOSLASKA LIGA SZACHOWA 2019/2020"]
[Site "Dolny Slask"]
[Date "1899-12-30"]
[Round "5.17"]
[White "Luberanski, Jakub"]
[Black "Machlowski, Slawomir"]
[Result "1/2-1/2"]
[WhiteTitle "I++"]
[BlackTitle "I+"]
[WhiteElo "2015"]
[BlackElo "2121"]

1. e4 e6 2. d4 c5 3. d5 exd5 4. exd5 d6 5. Nc3 Ne7 6. Nf3 Ng6 7. Be2 Bg4 8. O-O
Bxf3 9. Bb5+ Nd7 10. Qxf3 Be7 11. Bf4 Nxf4 12. Qxf4 O-O 13. Bxd7 Qxd7 14. Ne4
b5 15. Rfe1 Rae8 16. c3 h6 17. h4 Kh7 18. a4 bxa4 19. Nd2 a3 20. bxa3 Bf6 21.
Qc4 Qf5 22. g3 Re5 23. Rxe5 Bxe5 24. f4 Bf6 25. Qe4 Qxe4 26. Nxe4 Rb8 27. Rc1
Rb3 28. Nxd6 Bxc3 29. Nxf7 Bd2 30. Rd1 Rxg3+ 31. Kf2 Bxf4 32. d6 Rxa3 33. d7 Bg3+
34. Ke2 Bxh4 35. Rd5 Bf6 36. Rf5 Be7 37. Re5 Bf6 38. Re6 Bh4 39. Re4 Bf6 40. Re6
Bh4 41. Re4 Bf6 42. Rf4 Be7 43. Re4 1/2-1/2

[Event "III DOLNOSLASKA LIGA SZACHOWA 2019/2020"]
[Site "Dolny Slask"]
[Date "1899-12-30"]
[Round "5.18"]
[White "Majocha, Piotr"]
[Black "Zerebiec, Maurycy"]
[Result "1-0"]
[WhiteTitle "I++"]
[BlackTitle "I"]
[WhiteElo "1820"]
[BlackElo "1825"]

1. c4 c5 2. Nc3 Nc6 3. g3 g6 4. Bg2 Bg7 5. d3 d6 6. Nf3 e5 7. O-O Nge7 8. a3 a6
9. Rb1 Rb8 10. b4 cxb4 11. axb4 b5 12. cxb5 axb5 13. e4 O-O 14. Be3 h6 15. d4
Bg4 16. d5 Nd4 17. Bxd4 exd4 18. Ne2 Bxf3 19. Bxf3 Qb6 20. Qd3 Rfc8 21. Rfc1 Ra8
22. Bg4 Rxc1+ 23. Rxc1 Ra7 24. Rd1 Ra4 25. Rb1 Ra7 26. Nc1 Qc7 27. Qxb5 Qc2 28.
Qd3 Qc3 29. b5 Rb7 30. Be2 Nc8 31. Na2 Qa5 32. Nb4 Nb6 33. Nc6 Qc3 34. Rd1 Nd7
35. Qb1 Nc5 36. Kg2 h5 37. h4 Bf6 38. Bf1 Kh7 39. f3 Qe3 40. Qc2 Qc3 41. Qd2 Nb3
42. Qf2 Qc5 43. Qa2 Qc3 44. Rd3 Nc1 45. Rxc3 Nxa2 46. Rb3 Nc3 47. Rb4 Nd1 48.
Bd3 Nc3 49. Nxd4 Bxd4 50. Rxd4 Ra7 51. Rb4 Ra2+ 52. Kg1 1-0

[Event "III DOLNOSLASKA LIGA SZACHOWA 2019/2020"]
[Site "Dolny Slask"]
[Date "1899-12-30"]
[Round "5.19"]
[White "Starosciak, Szymon"]
[Black "Szydelko, Michal"]
[Result "1/2-1/2"]
[WhiteTitle "I"]
[BlackTitle "I"]
[WhiteElo "1703"]
[BlackElo "1770"]

1. e4 e5 2. Nf3 Nf6 3. Nxe5 d6 4. Nf3 Nxe4 5. Nc3 Nxc3 6. dxc3 Be7 7. Be3 Nc6 8.
Qd2 Be6 9. O-O-O O-O 10. Kb1 Rb8 11. Bd3 a5 12. h4 f6 13. Be4 Qd7 14. Qd3 f5 15.
Bd5 Bxd5 16. Qxd5+ Kh8 17. Ng5 Bf6 18. Bd4 Nxd4 19. cxd4 b5 20. Qe6 Qxe6 21. Nxe6
Rf7 22. d5 Re7 23. Nf4 Re4 24. g3 Rbe8 25. c3 Kg8 26. Nd3 Kf7 27. Kc2 Rc4 28.
a3 Rce4 29. Rhe1 R8e7 30. Rxe4 Rxe4 31. Kd2 Ke7 32. f3 Rc4 33. Re1+ Kd7 34. f4
c6 35. dxc6+ Rxc6 36. Nc1 b4 37. axb4 axb4 38. Na2 bxc3+ 39. Nxc3 Bxc3+ 40. bxc3
Ra6 41. Kd3 1/2-1/2

[Event "III DOLNOSLASKA LIGA SZACHOWA 2019/2020"]
[Site "Dolny Slask"]
[Date "1899-12-30"]
[Round "5.20"]
[White "Trusz, Julia"]
[Black "Janikowska, Wiktoria"]
[Result "1-0"]
[WhiteTitle "I+"]
[BlackTitle "I"]
[WhiteElo "1562"]
[BlackElo "1355"]

1. e4 c5 2. Nf3 g6 3. Be2 Nc6 4. d4 cxd4 5. Nxd4 Bg7 6. Nb3 Nf6 7. Nc3 O-O 8. O-O
a6 9. Be3 b5 10. a3 d6 11. f4 Bb7 12. Bf3 Nd7 13. Nd4 Rc8 14. Bg4 e5 15. Nxc6
Rxc6 16. f5 Nf6 17. fxg6 fxg6 18. Bg5 Bc8 19. Bxf6 Qb6+ 20. Kh1 Bxf6 21. Nd5 Qd8
22. Nxf6+ Rxf6 23. Qd5+ Kg7 24. Qxc6 Bxg4 25. Rxf6 Qxf6 26. Kg1 Bh3 27. gxh3 Qg5+
28. Kh1 Qf4 29. Qd7+ Kg8 30. Qg4 Qf2 31. Qg2 1-0

[Event "III DOLNOSLASKA LIGA SZACHOWA 2019/2020"]
[Site "Dolny Slask"]
[Date "1899-12-30"]
[Round "5.21"]
[White "Lipien, Wieslaw"]
[Black "Sernecki, Franciszek"]
[Result "1/2-1/2"]
[WhiteTitle "I++"]
[BlackTitle "I++"]
[WhiteElo "2040"]
[BlackElo "2276"]

1. e4 c5 2. Nf3 Nc6 3. d4 cxd4 4. Nxd4 g6 5. Nc3 Bg7 6. Be3 Nf6 7. Be2 O-O 8. O-O
d5 9. exd5 Nxd5 10. Nxd5 Qxd5 11. Bf3 Qa5 12. Nxc6 bxc6 13. c3 Rb8 14. b4 Qa6
15. Rc1 Be6 16. Qc2 Bd5 17. Bxd5 cxd5 18. Rfd1 e6 19. Bc5 Rfc8 20. c4 Bh6 21.
cxd5 Bxc1 22. Qxc1 Rxb4 23. Qe3 Rb5 24. dxe6 Qxe6 25. Qxe6 fxe6 26. Bxa7 Ra8 27.
Be3 Rxa2 28. h4 Rf5 29. Rd8+ Rf8 30. Rd7 e5 31. Re7 Ra5 32. Bh6 Rc8 33. Rg7+ Kh8
34. Re7 Kg8 35. Rg7+ Kh8 36. Re7 1/2-1/2

[Event "III DOLNOSLASKA LIGA SZACHOWA 2019/2020"]
[Site "Dolny Slask"]
[Date "1899-12-30"]
[Round "5.22"]
[White "Janocha, Wieslaw"]
[Black "Guziewicz, Wojciech"]
[Result "1-0"]
[WhiteTitle "FM"]
[BlackTitle "I"]
[WhiteElo "2253"]
[BlackElo "1780"]

1. e4 c5 2. Nf3 e6 3. d4 cxd4 4. Nxd4 Nc6 5. Nb5 a6 6. Nd6+ Bxd6 7. Qxd6 Qe7 8.
Qd1 Nf6 9. Nc3 h6 10. Bd3 Ne5 11. O-O Nxd3 12. Qxd3 O-O 13. Bf4 e5 14. Be3 d6
15. Rad1 Rd8 16. Bb6 Rd7 17. a3 a5 18. Qb5 a4 19. Rd3 Qe6 20. Rfd1 Ra6 21. Nd5
Nxd5 22. Rxd5 f5 23. Qb4 fxe4 24. Rxd6 Rxd6 25. Rxd6 Qf5 26. h3 Kh7 27. Qc4 h5
28. Qc7 Ra8 29. Rd8 Qe6 30. Be3 Qf5 31. Re8 b5 32. Rxe5 Qd7 33. Rxh5+ Kg8 34.
Qc5 Ra6 35. Rd5 1-0

[Event "III DOLNOSLASKA LIGA SZACHOWA 2019/2020"]
[Site "Dolny Slask"]
[Date "1899-12-30"]
[Round "5.23"]
[White "Czoch, Karol"]
[Black "Wieczorek, Mikolaj"]
[Result "1/2-1/2"]
[WhiteTitle "II"]
[BlackTitle "I"]
[WhiteElo "1655"]
[BlackElo "1837"]

1. e4 c5 2. Nf3 Nc6 3. c3 d5 4. exd5 Qxd5 5. d4 Bf5 6. Be3 O-O-O 7. Qa4 cxd4 8.
Nxd4 Bxb1 9. Nxc6 Qxc6 10. Qxc6+ bxc6 11. Rxb1 Kb7 12. Bc4 e6 13. Ke2 Nf6 14.
b4 Nd5 15. Rhc1 Be7 16. a4 Bf6 17. Bxd5 cxd5 18. Bc5 Be5 19. Bd4 Bf4 20. Rd1 f6
21. a5 Rc8 22. a6+ Kb8 23. Bc5 Rc6 24. Ra1 Be5 25. Ra3 Rhc8 26. Kd3 Bd6 27. Be3
Rc4 28. Rc1 e5 29. f4 e4+ 30. Kd2 d4 31. Bxd4 Rxd4+ 32. cxd4 Bxb4+ 33. Ke3 Bxa3
34. Rb1+ Kc7 35. Rb7+ Kd6 36. Rxa7 Rc7 37. Rxc7 Kxc7 38. Kxe4 Kb6 39. Kd5 Bb2
40. Ke6 Bxd4 41. Kf7 f5 42. Ke6 g6 43. h4 Be3 44. g3 Bf2 45. h5 gxh5 46. Kxf5
h6 47. Kg6 Bxg3 48. Kxh5 Bxf4 49. Kg4 Bg5 50. a7 Kxa7 51. Kh5 Kb6 52. Kg4 Kc5
53. Kh3 Kd4 54. Kg2 Ke3 55. Kh1 Kf3 56. Kh2 1/2-1/2

[Event "III DOLNOSLASKA LIGA SZACHOWA 2019/2020"]
[Site "Dolny Slask"]
[Date "1899-12-30"]
[Round "5.24"]
[White "Dahche, Abdel-azziz"]
[Black "Wilk, Aleksander"]
[Result "1-0"]
[WhiteTitle "II"]
[BlackTitle "II"]
[WhiteElo "1526"]
[BlackElo "1383"]

1. e4 c5 2. d4 cxd4 3. c3 d3 4. Bxd3 Nc6 5. Nf3 d6 6. h3 Bd7 7. O-O g6 8. c4 Bg7
9. Nc3 Nf6 10. Qe2 O-O 11. Bg5 h6 12. Bh4 Re8 13. Rac1 a6 14. Rfd1 Qa5 15. a3
Nh5 16. Qe3 g5 17. Bg3 Nxg3 18. fxg3 g4 19. hxg4 Bxg4 20. Bb1 Rac8 21. Rd5 Qc7
22. e5 Bxf3 23. exd6 exd6 24. Qxf3 Qb6+ 25. Kh2 Qxb2 26. Rf1 Re7 27. Ne4 Ne5 28.
Qf5 Rxc4 29. Rxd6 f6 30. Qh7+ Kxh7 31. Nxf6+ Kh8 32. Rd8+ Bf8 33. Rxf8+ Kg7 34.
Nh5# 1-0